MARC

LEADER 00000nam0a2200000 4500
001 224173
005 20231101230556.0
035 |a (RuTPU)RU\TPU\book\244462 
090 |a 224173 
100 |a 20121020d1947 m y0rusy50 ca 
101 0 |a rus 
102 |a RU 
105 |a a z 001zb 
200 1 |a Н. И. Лобачевский и его геометрия  |f В. И. Костин 
210 |a Горький  |d 1947 
215 |a 76 с.  |c ил. 
320 |a Библиогр.: с. 73-74. 
600 1 |a Лобачевский  |g Николай Иванович  |c российский математик  |f 1792-1856  |b Н. И.  |2 stltpush  |3 (RuTPU)RU\TPU\pers\981 
606 1 |a Лобачевского геометрия  |2 stltpush  |3 (RuTPU)RU\TPU\subj\40545  |9 60390 
610 1 |a история 
610 1 |a евклидова геометрия 
610 1 |a неевклидова геометрия 
610 1 |a непротиворечивость 
610 1 |a учение о пространстве 
675 |a 514.13  |v 3 
700 1 |a Костин  |b В. И. 
801 1 |a RU  |b 63413507  |c 20121020 
801 2 |a RU  |b 63413507  |c 20121225  |g RCR 
942 |c BK